Theory of Structures (Record no. 18359)

MARC details
000 -LEADER
fixed length control field 00387nam a2200157Ia 4500
008 - FIXED-LENGTH DATA ELEMENTS--GENERAL INFORMATION
fixed length control field 221030s9999 xx 000 0 und d
020 ## - INTERNATIONAL STANDARD BOOK NUMBER
ISBN 8170086183
041 ## - LANGUAGE CODE
Language code of text/sound track or separate title
100 ## - MAIN ENTRY--AUTHOR NAME
Personal name B. C. Punmia
245 #0 - TITLE STATEMENT
Title Theory of Structures
Statement of responsibility, etc by B. C. Punmia, A. K. Jain
260 ## - PUBLICATION, DISTRIBUTION, ETC. (IMPRINT)
Name of publisher Laxmi Pub.
Place of publication New Delhi
Year of publication 2017
300 ## - PHYSICAL DESCRIPTION
Number of Pages 2017
650 ## - SUBJECT ADDED ENTRY--TOPICAL TERM
Topical Term Civil
700 ## - ADDED ENTRY--PERSONAL NAME
Personal name A. K. Jain
942 ## - ADDED ENTRY ELEMENTS (KOHA)
Koha item type Books
Holdings
Accession Number Cost, normal purchase price Bill Date Source of acquisition Price effective from Koha item type Withdrawn / writtenoff status Materials specified (bound volume or other part) Damaged status Not for loan Permanent Location Current Location Shelving location Date acquired Lost/ Missing status department
BE 16022 475.00 57 RKB 10/30/2022 Books   Print   Not For Loan MIET Library, Jammu MIET Library, Jammu BL-Academic Block B, FL-2, CUP-156, SH-6, R-6 09/03/2019   BE
BE 16023 475.00 57 RKB 10/30/2022 Books   Print     MIET Library, Jammu MIET Library, Jammu BL-Academic Block B, FL-2, CUP-147, SH-2, R-2 09/03/2019   BE
BE 16024 475.00 57 RKB 10/30/2022 Books   Print     MIET Library, Jammu MIET Library, Jammu BL-Academic Block B, FL-2, CUP-147, SH-2, R-2 09/03/2019   BE
BE 16025 475.00 57 RKB 10/30/2022 Books   Print     MIET Library, Jammu MIET Library, Jammu BL-Academic Block B, FL-2, CUP-147, SH-2, R-2 09/03/2019   BE
BE 16026 475.00 57 RKB 10/30/2022 Books   Print     MIET Library, Jammu MIET Library, Jammu BL-Acdemic Block B, FL-2, CUP-147, SH-2, R-2 09/03/2019   BE